000 00564nam a2200205Ia 4500
001 9609
003 IVS
005 20250626030241.0
008 211022s9999 xx 000 0 und d
040 _cIVS
082 _a741.6 TEH
100 _aTehmina Fatima
245 0 _aIs the impact of news dependant on the content or the way it is presented?
260 _aKarachi
260 _bIndus Valley School
260 _c2009
300 _a41
856 _uhttps://drive.google.com/file/d/1sIfSsZjhTGRMNzlraKeVs00-3zLIIe0C/view?usp=sharing
942 _cDISS
_2ddc
_n0
999 _c8891
_d8891